Départements du bassin du Rhin - Statistiques

Statistiques générales
  • Ce quiz a été pris 47 fois
  • Le résultat moyen est 7 sur 7
Statistiques - réponses
Région % Correct
Bas-Rhin
100%
Haut-Rhin
100%
Grand-Est
95%
Moselle
95%
Meurthe-et-Moselle
91%
Vosges
91%
Meuse
88%
Aucun quiz correspondant
Distribution des résultats
% des personnes avec chaque résultat
Percentile par nombre de réponses
Votre historique - résultats
Vous n’avez pas pris ce quiz